00509nam a22001577a 4500008004100000020001800041040005500059080003500114245006700149260004400216300001400260490001600274650001300290653001700303700003100320230621b |||||||| |||| 00| 0 eng d a9789027713780 aNational Science LibrarycNational Science Library aR 620.179.15:539.125.5(02)bM1 aNeutron radiography handbook: bNuclear science and technology aDordrecht: bD. Reidel Pub. Co., c1981 ax, 170p.  aEUR v7622e aScience  aRadiography  aHardt, Peter von der (Ed.)